LEADER 01448nam 2200397Ia 450 001 996385095903316 005 20200824132554.0 035 $a(CKB)4940000000075204 035 $a(EEBO)2248554030 035 $a(OCoLC)ocm12129393e 035 $a(OCoLC)12129393 035 $a(EXLCZ)994940000000075204 100 $a19850607d1675 uy | 101 0 $alat 135 $aurbn||||a|bb| 200 10$aDaretis Phrygii historicorum omnium primi de bello Trojano libri sex$b[electronic resource] /$fLatino carmine a? Josepho Exoniensi elegantissime? redditi ; recogniti ac emendati cura? & studio Joannis Mori ... qui eosdem argumentis illustravit, totumque opus vero auctori restituit 210 $aLondini $cImpensis Thomae Helder ...$d1675 215 $a[20], 5-164, [3] p 300 $aBased on: Daretis Phrygii de excidio Troiae historia. 300 $aAdvertisement: p. [1]-[3] at end. 300 $aReproduction of original in Cambridge University Library. 330 $aeebo-0021 606 $aTrojan War 607 $aTroy (Extinct city) 615 0$aTrojan War. 700 $aJoseph$cof Exeter,$fd. ca. 1224.$0172525 701 $aMore$b John$ffl. 1675.$01013320 801 0$bEAA 801 1$bEAA 801 2$bm/c 801 2$bEAA 801 2$bWaOLN 906 $aBOOK 912 $a996385095903316 996 $aDaretis Phrygii historicorum omnium primi de bello Trojano libri sex$92356051 997 $aUNISA LEADER 01029oam 2200277z- 450 001 9910154824303321 005 20230913112557.0 010 $a1-68103-316-X 035 $a(CKB)3710000000972256 035 $a(BIP)056113284 035 $a(EXLCZ)993710000000972256 100 $a20190224c2017uuuu -u- - 101 0 $aeng 200 10$aAnimal Traps and Lairs 210 $cBellwether Media 215 $a1 online resource (32 p.) $cill 311 $a1-62617-587-X 330 8 $aDid you know that stoats are hypnotists? These weasels perform wild dance moves that make rabbits freeze and stare. The stoats leap and twist, moving closer to the dazed prey, until they can pounce on their victim. This and other animal hunting traps are laid out in this book for growing readers. 610 $aAnimal Behavior 610 $aAnimals 610 $aJuvenile Nonfiction 700 $aSpilsbury$b Richard$f1963-$0771073 906 $aBOOK 912 $a9910154824303321 996 $aAnimal Traps and Lairs$93593464 997 $aUNINA